000 00659nam a22001817a 4500
005 20251108165156.0
008 250721s1993 xx 000 0 ara d
082 1 4 _a818.02/جوز
100 1 _aإبن الجوزي، أبو الفرج عبد الرحمن بن علي
245 1 0 _aصبا نجد في المواعظ و الرقائق و أشعار الزهد /
264 1 _aطنطا :
_bدار الصحابة للتراث،
_c1993.
300 _a144ص
650 1 7 _aالأدب العربي
650 1 7 _aالحكم ( الأمثال )
700 1 _aعاشور، أم عبد الرحمن بنت حامد
_eتحقيق
942 _2ddc
_cBK
999 _c21327
_d21327